Los Grabados rupestres del Picu Berrubia / por Miguel Ángel de Blas Cortina
Descripción Física:
p. 63-86 : il. ; 27 cm
Colección:
Monografías ; 46
MARC
| LEADER | 00000nam a2200000Ia 4500 | ||
|---|---|---|---|
| 001 | 7812 | ||
| 008 | 160829s1974 - 75 xx 000 0 cat d | ||
| 080 | |a FU-21-34 | ||
| 100 | |a Blas Cortina, Miguel Ángel de |9 33978 | ||
| 245 | |a Los Grabados rupestres del Picu Berrubia / por Miguel Ángel de Blas Cortina | ||
| 260 | |a Barcelona : |b Diputación. Instituto de Prehistoria y Arqueología, |c 1974 - 75 | ||
| 300 | |a p. 63-86 : |b il. ; |c 27 cm | ||
| 490 | |a Monografías ; 46 | ||
| 590 | |a Separata d'Ampurias ; 36-37 | ||
| 650 | |a Picu Berrubia (Astúries : Jaciment arqueològic) |9 33979 | ||
| 650 | |a Petroglifs |x Astúries |9 33980 | ||
| 650 | |a Astúries |x Arqueologia I |9 33981 | ||
| 650 | |a Art prehistòric |x Astúries |9 33982 | ||
| 710 | 2 | |a Instituto de Prehistoria y Arqueología (Barcelona, Catalunya) |9 54255 | |
| 901 | |a Arxiu | ||
| 942 | |n 1 |2 udc | ||
| 952 | |0 0 |1 0 |4 0 |6 FU2134 |7 1 |9 46329 |a Arxiu |b Arxiu |d 2016-12-01 |l 0 |o FU-21-34 |p 7812 |r 2016-12-01 00:00:00 |w 2016-12-01 |y ARXIU | ||
| 999 | |c 50114 |d 50114 | ||